Catálogo público

La lechería familiar en México / coordinadores Alfredo Cesín Vargas, Fernando Cervantes Escoto y Adolfo Álvarez Macías (Record no. 217192)

MARC details
000 -CABECERA
campo de control de longitud fija 01173nam a2200289Ia 4500
001 - NÚMERO DE CONTROL
campo de control Z_7095
008 - DATOS DE LONGITUD FIJA--INFORMACIÓN GENERAL
campo de control de longitud fija 220601s9999 xx 000 0 und d
020 ## - NÚMERO INTERNACIONAL ESTÁNDAR DEL LIBRO
Número Internacional Estándar del Libro 978-607-401--106-7
082 ## - NÚMERO DE LA CLASIFICACIÓN DECIMAL DEWEY
Número de clasificación 637.10972 L434
245 ## - MENCIÓN DE TÍTULO
Título La lechería familiar en México / coordinadores Alfredo Cesín Vargas, Fernando Cervantes Escoto y Adolfo Álvarez Macías
260 ## - PUBLICACIÓN, DISTRIBUCIÓN, ETC.
Lugar de publicación, distribución, etc. México : UACh. CIESTAAM
300 ## - DESCRIPCIÓN FÍSICA
Extensión 291 p.
440 ## - MENCIÓN DE SERIE/PUNTO DE ACCESO ADICIONAL--TÍTULO
Título Las ciencias sociales. Tercera década
9 (RLIN) 184860
500 ## - NOTA GENERAL
Nota general Coedición con: Colegio de Postgraduados, Campus Puebla; Universidad Autónoma Metropolitana, Unidad Xochimilco; CONACYT; Miguel Ángel Porrúa
503 ## - NOTA DE HISTORIA BIBLIOGRÁFICA (BK CF MU) [OBSOLETO]
Nota de historia bibliográfica ej.1: consumo
504 ## - NOTA DE BIBLIOGRAFÍA, ETC.
Nota de bibliografía, etc. Incluye bibliografía
650 ## - PUNTO DE ACCESO ADICIONAL DE MATERIA--TÉRMINO DE MATERIA
Término de materia o nombre geográfico como elemento de entrada 1. Explotación lechera -- México
650 ## - PUNTO DE ACCESO ADICIONAL DE MATERIA--TÉRMINO DE MATERIA
Término de materia o nombre geográfico como elemento de entrada Explotación agrícola familiar
9 (RLIN) 125935
650 ## - PUNTO DE ACCESO ADICIONAL DE MATERIA--TÉRMINO DE MATERIA
Término de materia o nombre geográfico como elemento de entrada Manejo de granjas lecheras
650 ## - PUNTO DE ACCESO ADICIONAL DE MATERIA--TÉRMINO DE MATERIA
Término de materia o nombre geográfico como elemento de entrada Plantas lecheras -- México
700 ## - PUNTO DE ACCESO ADICIONAL--NOMBRE DE PERSONA
Nombre de persona Cesín Vargas, Alfredo, coor. \ Cervantes Escoto, Fernando, coor. \ Álvarez Macías, Adolfo, coor.Ì
9 (RLIN) 184862
901 ## - ELEMENTOS DE DATOS A LOCAL LDA (RLIN)
a 637.10972 L434
902 ## - ELEMENTOS DE DATOS B LOCAL, LDB (RLIN)
a M
905 ## - ELEMENTOS DE DATOS E LOCAL, LDE (RLIN)
a 5232272009 mx mn 8212223322spa16
942 ## - ELEMENTOS DE PUNTO DE ACCESO ADICIONAL (KOHA)
Tipo de ítem Koha Libro_

No items available.